[Event "Stay Safe Play From Home 380"]
[Site "Emanuel Lasker Arena"]
[Date "2020.08.13"]
[Round "3"]
[White "Batabat1955"]
[Black "TheCHESSHOUSE"]
[Result "0-1"]
[WhiteElo "1959"]
[BlackElo "2024"]
[Annotator "NA"]
[PlyCount "98"]
[EventDate "2020.08.13"]
[EventType "swiss (blitz)"]

1. d3 {[%emt 0:00:03]} Nf6 {[%emt 0:00:01]} 2. e4 {[%emt 0:00:00]} g6 {[%emt 0:00:00]} 3. f4 {[%emt 0:00:00]} d6 {[%emt 0:00:00]} 4. Nf3 {[%emt 0:00:00]} Bg7 {[%emt 0:00:00]} 5. c3 {[%emt 0:00:00]} O-O {[%emt 0:00:00]} 6. h3 {[%emt 0:00:00]} Nc6 {[%emt 0:00:00]} 7. g4 {[%emt 0:00:00]} e5 {[%emt 0:00:01]} 8. Bg2 {[%emt 0:00:01]} h6 {[%emt 0:00:01]} 9. O-O {[%emt 0:00:02]} exf4 {[%emt 0:00:01]} 10. Bxf4 {[%emt 0:00:01]} Kh7 {[%emt 0:00:01]} 11. Qd2 {[%emt 0:00:01]} Be6 {[%emt 0:00:01]} 12. Na3 {[%emt 0:00:01]} Nd7 {[%emt 0:00:01]} 13. Nc2 {[%emt 0:00:01]} Nde5 {[%emt 0:00:01]} 14. Nfd4 {[%emt 0:00:01]} Nxd4 {[%emt 0:00:01]} 15. Nxd4 {[%emt 0:00:00]} c5 {[%emt 0:00:01]} 16. Nxe6 {[%emt 0:00:01]} fxe6 {[%emt 0:00:00]} 17. Rae1 {[%emt 0:00:04]} a6 {[%emt 0:00:01]} 18. d4 {[%emt 0:00:01]} cxd4 {[%emt 0:00:01]} 19. cxd4 {[%emt 0:00:00]} Nc4 {[%emt 0:00:00]} 20. Qe2 {[%emt 0:00:02]} e5 {[%emt 0:00:02]} 21. dxe5 {[%emt 0:00:03]} dxe5 {[%emt 0:00:01]} 22. Bc1 {[%emt 0:00:01]} b5 {[%emt 0:00:01]} 23. b3 {[%emt 0:00:01]} Qb6+ {[%emt 0:00:01]} 24. Kh1 {[%emt 0:00:01]} Nd6 {[%emt 0:00:01]} 25. Be3 {[%emt 0:00:01]} Qb7 {[%emt 0:00:01]} 26. Rd1 {[%emt 0:00:02]} Nf7 {[%emt 0:00:03]} 27. Rd5 {[%emt 0:00:04]} Nd8 {[%emt 0:00:01]} 28. Rfd1 {[%emt 0:00:01]} Ne6 {[%emt 0:00:01]} 29. Rd7 {[%emt 0:00:02]} Qc6 {[%emt 0:00:01]} 30. Qb2 {[%emt 0:00:01]} Rad8 {[%emt 0:00:06]} 31. Rxd8 {[%emt 0:00:04]} Rxd8 {[%emt 0:00:00]} 32. Rxd8 {[%emt 0:00:02]} Nxd8 {[%emt 0:00:00]} 33. Qd2 {[%emt 0:00:01]} Ne6 {[%emt 0:00:01]} 34. Kh2 {[%emt 0:00:01]} Nd4 {[%emt 0:00:02]} 35. Bxd4 {[%emt 0:00:01]} exd4 {[%emt 0:00:00]} 36. e5 {[%emt 0:00:01]} Bxe5+ {[%emt 0:00:01]} 37. Kh1 {[%emt 0:00:01]} Qc3 {[%emt 0:00:01]} 38. Qe2 {[%emt 0:00:02]} Qc1+ {[%emt 0:00:02]} 39. Qf1 {[%emt 0:00:02]} Qe3 {[%emt 0:00:03]} 40. Qf7+ {[%emt 0:00:02]} Bg7 {[%emt 0:00:01]} 41. Bd5 {[%emt 0:00:02]} Qe1+ {[%emt 0:00:01]} 42. Kg2 {[%emt 0:00:01]} Qe2+ {[%emt 0:00:01]} 43. Kg1 {[%emt 0:00:01]} Qe3+ {[%emt 0:00:02]} 44. Kg2 {[%emt 0:00:01]} Qe2+ {[%emt 0:00:02]} 45. Kg1 {[%emt 0:00:01]} h5 {[%emt 0:00:01]} 46. g5 {[%emt 0:00:01]} Qe3+ {[%emt 0:00:01]} 47. Kf1 {[%emt 0:00:01]} Qxg5 {[%emt 0:00:01]} 48. Qg8+ {[%emt 0:00:00]} Kh6 {[%emt 0:00:00]} 49. Qe6 {[%emt 0:00:01]} Qf6+ {[%emt 0:00:00] Time Time Time (Lag: Av=0.71s, max=1.5s) (Lag: Av=0.71s, max=1.5s) (Lag: Av=0.71s, max=1.5s)} 0-1

[Event "Stay Safe Play From Home 380"]
[Site "Emanuel Lasker Arena"]
[Date "2020.08.13"]
[Round "3"]
[White "Padmaesh M K"]
[Black "Lamborghini"]
[Result "0-1"]
[WhiteElo "1847"]
[BlackElo "2275"]
[PlyCount "48"]
[EventDate "2020.08.13"]
[EventType "swiss (blitz)"]

1. e4 {[%emt 0:00:01]} c5 {[%emt 0:00:01]} 2. Nf3 {[%emt 0:00:02]} d6 {[%emt 0:00:01]} 3. d4 {[%emt 0:00:01]} cxd4 {[%emt 0:00:01]} 4. Nxd4 {[%emt 0:00:00]} Nf6 {[%emt 0:00:00]} 5. Nc3 {[%emt 0:00:00]} g6 {[%emt 0:00:00]} 6. Be3 {[%emt 0:00:02]} Bg7 {[%emt 0:00:00]} 7. Bc4 {[%emt 0:00:01]} O-O {[%emt 0:00:00]} 8. O-O {[%emt 0:00:01]} Ng4 {[%emt 0:00:01]} 9. Re1 {[%emt 0:00:06]} Nxe3 {[%emt 0:00:01]} 10. Rxe3 {[%emt 0:00:01]} Nc6 {[%emt 0:00:01]} 11. Nxc6 {[%emt 0:00:01]} bxc6 {[%emt 0:00:00]} 12. Rf3 {[%emt 0:00:01]} e6 {[%emt 0:00:03]} 13. Qd2 {[%emt 0:00:03]} a5 {[%emt 0:00:01]} 14. Rd1 {[%emt 0:00:02]} d5 {[%emt 0:00:01]} 15. exd5 {[%emt 0:00:01]} cxd5 {[%emt 0:00:01]} 16. Bb5 {[%emt 0:00:01]} Qb6 {[%emt 0:00:03]} 17. a4 {[%emt 0:00:03]} Bb7 {[%emt 0:00:01]} 18. Rh3 {[%emt 0:00:03]} Rad8 {[%emt 0:00:02]} 19. Qf4 {[%emt 0:00:01]} e5 {[%emt 0:00:02]} 20. Qh4 {[%emt 0:00:01]} h5 {[%emt 0:00:00]} 21. Qg5 {[%emt 0:00:03]} Bf6 {[%emt 0:00:02]} 22. Qe3 {[%emt 0:00:02]} d4 {[%emt 0:00:01]} 23. Qh6 {[%emt 0:00:05]} dxc3 {[%emt 0:00:02]} 24. bxc3 {[%emt 0:00:02]} Rxd1+ {[%emt 0:00:02] Padmaesh M K resigns Padmaesh M K resigns Padmaesh M K resigns (Lag: Av=0.80s, max=1.6s) (Lag: Av=0.80s, max=1.6s) (Lag: Av=0.80s, max=1.6s)} 0-1

[Event "Stay Safe Play From Home 380"]
[Site "Emanuel Lasker Arena"]
[Date "2020.08.13"]
[Round "3"]
[White "Ao017545"]
[Black "Fischer_11"]
[Result "0-1"]
[WhiteElo "1622"]
[BlackElo "2013"]
[Annotator "NA"]
[PlyCount "56"]
[EventDate "2020.08.13"]
[EventType "swiss (blitz)"]

1. e4 {[%emt 0:00:01]} Nf6 {[%emt 0:00:01]} 2. Nf3 {[%emt 0:00:00]} Nxe4 {[%emt 0:00:01]} 3. Nc3 {[%emt 0:00:02]} Nxc3 {[%emt 0:00:01]} 4. dxc3 {[%emt 0:00:01]} g6 {[%emt 0:00:01]} 5. Bc4 {[%emt 0:00:01]} Bg7 {[%emt 0:00:01]} 6. Qd5 {[%emt 0:00:01]} O-O {[%emt 0:00:01]} 7. Ng5 {[%emt 0:00:03]} e6 {[%emt 0:00:02]} 8. Qf3 {[%emt 0:00:02]} d5 {[%emt 0:00:01]} 9. Bd3 {[%emt 0:00:02]} e5 {[%emt 0:00:01]} 10. Bb5 {[%emt 0:00:13]} c6 {[%emt 0:00:05]} 11. Ba4 {[%emt 0:00:02]} e4 {[%emt 0:00:04]} 12. Qg3 {[%emt 0:00:02]} h6 {[%emt 0:00:03]} 13. Nh3 {[%emt 0:00:03]} Nd7 {[%emt 0:00:02]} 14. Bb3 {[%emt 0:00:06]} a5 {[%emt 0:00:03]} 15. a4 {[%emt 0:00:03]} Nc5 {[%emt 0:00:02]} 16. c4 {[%emt 0:00:05]} d4 {[%emt 0:00:02]} 17. Ba2 {[%emt 0:00:02]} Re8 {[%emt 0:00:04]} 18. O-O {[%emt 0:00:03]} Qf6 {[%emt 0:00:02]} 19. f3 {[%emt 0:00:01]} e3 {[%emt 0:00:01]} 20. f4 {[%emt 0:00:01]} Bf5 {[%emt 0:00:02]} 21. c3 {[%emt 0:00:02]} Ne4 {[%emt 0:00:01]} 22. Qe1 {[%emt 0:00:02]} dxc3 {[%emt 0:00:00]} 23. bxc3 {[%emt 0:00:01]} Nxc3 {[%emt 0:00:01]} 24. Ba3 {[%emt 0:00:00]} Nxa2 {[%emt 0:00:01]} 25. Rxa2 {[%emt 0:00:01]} Bxh3 {[%emt 0:00:00]} 26. Bb2 {[%emt 0:00:01]} Qf5 {[%emt 0:00:02]} 27. gxh3 {[%emt 0:00:01]} Qxh3 {[%emt 0:00:01]} 28. Qe2 {[%emt 0:00:02]} Bxb2 {[%emt 0:00:01] Zaman Zaman Zaman (Lag: Av=0.62s, max=1.0s) (Lag: Av=0.62s, max=1.0s) (Lag: Av=0.62s, max=1.0s)} 0-1

[Event "Stay Safe Play From Home 380"]
[Site "Emanuel Lasker Arena"]
[Date "2020.08.13"]
[Round "3"]
[White "Dreamsoldier"]
[Black "Lazieri3"]
[Result "0-1"]
[WhiteElo "1252"]
[BlackElo "2131"]
[PlyCount "72"]
[EventDate "2020.08.13"]
[EventType "swiss (blitz)"]

1. e4 {[%emt 0:00:02]} c6 {[%emt 0:00:00]} 2. Nf3 {[%emt 0:00:01]} d5 {[%emt 0:00:00]} 3. Nc3 {[%emt 0:00:00]} dxe4 {[%emt 0:00:01]} 4. Nxe4 {[%emt 0:00:01]} Nf6 {[%emt 0:00:00]} 5. Nxf6+ {[%emt 0:00:03]} gxf6 {[%emt 0:00:00]} 6. d4 {[%emt 0:00:00]} Bg7 {[%emt 0:00:00]} 7. Be3 {[%emt 0:00:00]} O-O {[%emt 0:00:00]} 8. Bd3 {[%emt 0:00:00]} Bg4 {[%emt 0:00:02]} 9. Qe2 {[%emt 0:00:00]} Bh5 {[%emt 0:00:00]} 10. h3 {[%emt 0:00:00]} Bg6 {[%emt 0:00:01]} 11. h4 {[%emt 0:00:00]} Bxd3 {[%emt 0:00:01]} 12. Qxd3 {[%emt 0:00:00]} e5 {[%emt 0:00:00]} 13. dxe5 {[%emt 0:00:01]} Qxd3 {[%emt 0:00:01]} 14. cxd3 {[%emt 0:00:00]} fxe5 {[%emt 0:00:00]} 15. Nd2 {[%emt 0:00:02]} Rd8 {[%emt 0:00:01]} 16. Ke2 {[%emt 0:00:01]} Nd7 {[%emt 0:00:01]} 17. Ne4 {[%emt 0:00:01]} Nf6 {[%emt 0:00:00]} 18. Nxf6+ {[%emt 0:00:01]} Bxf6 {[%emt 0:00:00]} 19. g4 {[%emt 0:00:02]} b5 {[%emt 0:00:03]} 20. g5 {[%emt 0:00:01]} Bg7 {[%emt 0:00:01]} 21. Bc5 {[%emt 0:00:01]} e4 {[%emt 0:00:02]} 22. dxe4 {[%emt 0:00:02]} Bxb2 {[%emt 0:00:00]} 23. Rad1 {[%emt 0:00:02]} Be5 {[%emt 0:00:02]} 24. Rhf1 {[%emt 0:00:02]} f6 {[%emt 0:00:03]} 25. f4 {[%emt 0:00:02]} Bc7 {[%emt 0:00:01]} 26. gxf6 {[%emt 0:00:02]} Kf7 {[%emt 0:00:00]} 27. Rg1 {[%emt 0:00:00]} Kxf6 {[%emt 0:00:01]} 28. Bd4+ {[%emt 0:00:01]} Ke6 {[%emt 0:00:02]} 29. Rc1 {[%emt 0:00:02]} Rxd4 {[%emt 0:00:02]} 30. Rxc6+ {[%emt 0:00:02]} Bd6 {[%emt 0:00:01]} 31. Rg6+ {[%emt 0:00:01]} Kf7 {[%emt 0:00:02]} 32. Rgxd6 {[%emt 0:00:01]} Rxe4+ {[%emt 0:00:01]} 33. Kf3 {[%emt 0:00:01]} Rae8 {[%emt 0:00:01]} 34. Rd7+ {[%emt 0:00:01]} R4e7 {[%emt 0:00:01]} 35. Rxe7+ {[%emt 0:00:01]} Rxe7 {[%emt 0:00:00]} 36. Rc4 {[%emt 0:00:00]} bxc4 {[%emt 0:00:01] Dreamsoldier terk eder Dreamsoldier terk eder Dreamsoldier terk eder (Lag: Av=0.51s, max=0.7s) (Lag: Av=0.51s, max=0.7s) (Lag: Av=0.51s, max=0.7s)} 0-1

[Event "Stay Safe Play From Home 380"]
[Site "Emanuel Lasker Arena"]
[Date "2020.08.13"]
[Round "4"]
[White "AChessPlayer"]
[Black "Broken sword"]
[Result "0-1"]
[WhiteElo "2473"]
[BlackElo "2487"]
[PlyCount "96"]
[EventDate "2020.08.13"]
[EventType "swiss (blitz)"]

1. Nf3 {[%emt 0:00:00]} d5 {[%emt 0:00:01]} 2. g3 {[%emt 0:00:00]} c6 {[%emt 0:00:00]} 3. Bg2 {[%emt 0:00:00]} Nf6 {[%emt 0:00:00]} 4. O-O {[%emt 0:00:00]} Bg4 {[%emt 0:00:00]} 5. d3 {[%emt 0:00:00]} Nbd7 {[%emt 0:00:00]} 6. Nbd2 {[%emt 0:00:00]} e6 {[%emt 0:00:00]} 7. h3 {[%emt 0:00:01]} Bh5 {[%emt 0:00:01]} 8. e4 {[%emt 0:00:01]} dxe4 {[%emt 0:00:01]} 9. dxe4 {[%emt 0:00:00]} Be7 {[%emt 0:00:00]} 10. a4 {[%emt 0:00:02]} O-O {[%emt 0:00:01]} 11. a5 {[%emt 0:00:01]} a6 {[%emt 0:00:01]} 12. Qe2 {[%emt 0:00:01]} Qc7 {[%emt 0:00:02]} 13. g4 {[%emt 0:00:01]} Bg6 {[%emt 0:00:01]} 14. Nh4 {[%emt 0:00:00]} Nc5 {[%emt 0:00:02]} 15. Nxg6 {[%emt 0:00:01]} hxg6 {[%emt 0:00:00]} 16. Nc4 {[%emt 0:00:01]} Rad8 {[%emt 0:00:01]} 17. e5 {[%emt 0:00:01]} Nd5 {[%emt 0:00:01]} 18. Bd2 {[%emt 0:00:02]} Nd7 {[%emt 0:00:01]} 19. c3 {[%emt 0:00:02]} Qb8 {[%emt 0:00:01]} 20. Rfe1 {[%emt 0:00:01]} Qc8 {[%emt 0:00:02]} 21. Kh1 {[%emt 0:00:01]} Nc5 {[%emt 0:00:01]} 22. b4 {[%emt 0:00:07]} Nb3 {[%emt 0:00:01]} 23. Rad1 {[%emt 0:00:00]} Nxd2 {[%emt 0:00:00]} 24. Qxd2 {[%emt 0:00:01]} Nxb4 {[%emt 0:00:02]} 25. Qf4 {[%emt 0:00:01]} Nd3 {[%emt 0:00:02]} 26. Rxd3 {[%emt 0:00:02]} Rxd3 {[%emt 0:00:00]} 27. Nb6 {[%emt 0:00:03]} Qd8 {[%emt 0:00:01]} 28. c4 {[%emt 0:00:01]} Bc5 {[%emt 0:00:01]} 29. Na4 {[%emt 0:00:02]} Ba7 {[%emt 0:00:02]} 30. Qe4 {[%emt 0:00:04]} Rd1 {[%emt 0:00:01]} 31. Bf3 {[%emt 0:00:02]} Rxe1+ {[%emt 0:00:01]} 32. Qxe1 {[%emt 0:00:01]} Qd4 {[%emt 0:00:00]} 33. Kg2 {[%emt 0:00:01]} Qxc4 {[%emt 0:00:01]} 34. Nc3 {[%emt 0:00:00]} Qb4 {[%emt 0:00:02]} 35. Qc1 {[%emt 0:00:02]} Qc5 {[%emt 0:00:02]} 36. Qd2 {[%emt 0:00:02]} Qxe5 {[%emt 0:00:01]} 37. Ne4 {[%emt 0:00:00]} Qd4 {[%emt 0:00:00]} 38. Qe2 {[%emt 0:00:01]} Rd8 {[%emt 0:00:01]} 39. Ng5 {[%emt 0:00:00]} Qf6 {[%emt 0:00:02]} 40. Ne4 {[%emt 0:00:01]} Qf4 {[%emt 0:00:00]} 41. g5 {[%emt 0:00:01]} Bb8 {[%emt 0:00:01]} 42. Ng3 {[%emt 0:00:02]} Qxg5 {[%emt 0:00:00]} 43. Bg4 {[%emt 0:00:00]} Bxg3 {[%emt 0:00:01]} 44. Kxg3 {[%emt 0:00:01]} Qxa5 {[%emt 0:00:01]} 45. h4 {[%emt 0:00:01]} Qd5 {[%emt 0:00:01]} 46. f3 {[%emt 0:00:01]} Qd6+ {[%emt 0:00:01]} 47. Kg2 {[%emt 0:00:01]} Qf4 {[%emt 0:00:00]} 48. Kf2 {[%emt 0:00:00]} Rd2 {[%emt 0:00:01] AChessPlayer resigns AChessPlayer resigns AChessPlayer resigns (Lag: Av=0.39s, max=1.1s) (Lag: Av=0.39s, max=1.1s) (Lag: Av=0.39s, max=1.1s)} 0-1

[Event "Stay Safe Play From Home 380"]
[Site "Emanuel Lasker Arena"]
[Date "2020.08.13"]
[Round "4"]
[White "Mepe_Nika"]
[Black "NTBT_DHS"]
[Result "0-1"]
[WhiteElo "2344"]
[BlackElo "2549"]
[Annotator "TA"]
[PlyCount "116"]
[EventDate "2020.08.13"]
[EventType "swiss (blitz)"]

{[%evp 10,116,15,0,20,0,26,0,0,-39,39,41,22,33,26,26,34,-6,-6,0,35,-43,-32,-41,-29,-47,-10,-58,-68,-68,-60,-112,-115,-116,-116,-112,-106,-101,-31,-91,0,0,0,-85,-81,-71,-79,-358,-347,-952,-929,-499,-10,-15,-14,-116,-93,-118,-91,-199,-216,-689,-650,-939,-834,-824,-810,-705,-600,-1934,-1819,-3594,-2131,-1857,-1616,-29956,-29957,-29943,-8283,-29971,-29972,-29979,-29980,-29980,-29981,-29982,-29983,-29983,-29984,-29984,-29985,-29984,-29985,-29984,-29984,-29989,-29989,-29990,-29985,-29985,-29986,-29986,-29986,-29986,-29987,-29987,-29987,-29988,-29989]} 1. c4 g6 2. g3 Bg7 3. Bg2 d6 4. Nc3 Nf6 5. d3 O-O 6. Rb1 Nc6 {A16: English Opening: 1...Nf6 with ...d5.} 7. b4 {[%cal Bb2b4,Bb4b5][%mdl 32]} e5 8. b5 Ne7 {The position is equal.} 9. e3 Rb8 (9... a6 $15) 10. Nge2 $14 Be6 11. O-O {[#]} Qd7 $146 ({Predecessor:} 11... d5 12. cxd5 Nexd5 13. Ba3 Re8 14. Qc2 Qd7 15. Rfd1 Bg4 16. Rd2 h5 17. Ne4 h4 {0-1 (34) Linares Napoles,O (2215)-Fernandez,G (2189) chess.com INT 2020}) 12. a4 Bh3 13. a5 Bxg2 14. Kxg2 c6 15. a6 (15. Qa4 $14) 15... bxa6 $15 16. bxc6 Qxc6+ 17. Kg1 $1 d5 {next ...Rxb1 is good for Black.} (17... Rxb1 {feels hotter.} 18. Nxb1 a5 19. e4 Rb8 20. Nbc3 Qb7) 18. cxd5 (18. Ba3 $5 {[%cal Ra3e7]} Rxb1 19. Qxb1 $11) 18... Nexd5 19. Nxd5 Nxd5 20. Rxb8 (20. Bd2 $15) 20... Rxb8 $17 21. Ba3 h5 22. Qc1 Qa4 23. d4 h4 ({Black should play} 23... Rb3 $17 24. Bc5 Qa2) 24. dxe5 (24. Bd6 $15 Re8 25. dxe5) 24... h3 (24... Bxe5 $17 {And now ...h3 would win.} 25. Qd2 Qe4 26. gxh4 Nc3 {[%mdl 64] Back Rank}) 25. Bd6 $1 $11 {[%cal Rd6b8]} Re8 26. Qb1 (26. Nd4 $11) 26... Bxe5 $17 27. Bxe5 Rxe5 $40 {[%mdl 128] Black attacks with force.} 28. Nf4 $2 {[%mdl 8192]} (28. Rc1 $17) 28... Nxf4 $19 29. Qb8+ $2 (29. exf4 Qc6 30. f3) 29... Re8 30. Qxf4 Qxf4 $2 (30... Qc6 $19 {[%csl Gh3][%cal Rc6g2]} 31. f3 Qc2) 31. gxf4 {[%mdl 4096] Endgame KR-KR} Re6 32. Rb1 (32. Ra1 $11) 32... Rb6 {[%cal Rb6b1] [#] White is now going downhill.} (32... a5 {with more complications.} 33. Ra1 Ra6 34. Kf1 Kf8 35. Ke2 Ke7) 33. Rc1 a5 {Hoping for ...a4.} 34. f3 (34. Ra1 $17) 34... a4 35. Rc7 $2 (35. Ra1) 35... Ra6 36. Rc2 a3 {Strongly threatening ...a2.} 37. Ra2 Kf8 38. Kf2 Ke7 39. Kg3 Kd6 40. Kxh3 Kc5 41. Kg4 Kb4 42. e4 Kb3 43. Ra1 a2 (43... Kb2 $142 44. Rd1 a2 45. Kg5 a1=Q 46. Rxa1 Rxa1 47. Kf6 a5 48. Kxf7 a4 49. e5 Re1 50. e6 a3 51. e7 a2 52. e8=Q Rxe8 53. Kxe8 a1=Q 54. Ke7 Qa4 55. Kf7 Qxf4+ 56. Ke7 g5 57. Ke8 Qxf3 58. Ke7 Qe2+ 59. Kf6 g4 60. Kg5 Qxh2 61. Kxg4 Qe5 62. Kh4 Kc3 63. Kh3 Qg5 64. Kh2 Kd3 65. Kh3 Ke3 66. Kh2 Kf3 67. Kh3 Qh6#) 44. h4 Kb2 {Black mates.} 45. Rxa2+ Kxa2 {KR-KP} 46. f5 Kb3 47. h5 gxh5+ 48. Kxh5 {KR-K3P} Kc4 49. e5 Kd5 50. f4 {[#]} Ke4 $1 51. Kg5 Rc6 52. f6 Kd5 53. Kf5 Rc1 54. e6 fxe6+ 55. Kg6 Rg1+ 56. Kf7 Kd6 57. Ke8 Rg4 58. f7 Rxf4 {Accuracy: White = 30%, Black = 68%.} 0-1

[Event "Stay Safe Play From Home 380"]
[Site "Emanuel Lasker Arena"]
[Date "2020.08.13"]
[Round "4"]
[White "Lamborghini"]
[Black "IceQueen"]
[Result "0-1"]
[WhiteElo "2278"]
[BlackElo "2290"]
[PlyCount "88"]
[EventDate "2020.08.13"]
[EventType "swiss (blitz)"]

1. e4 {[%emt 0:00:01]} d6 {[%emt 0:00:00]} 2. d4 {[%emt 0:00:01]} Nf6 {[%emt 0:00:00]} 3. Nc3 {[%emt 0:00:00]} g6 {[%emt 0:00:00]} 4. Be3 {[%emt 0:00:02]} c6 {[%emt 0:00:01]} 5. Qf3 {[%emt 0:00:01]} b5 {[%emt 0:00:00]} 6. e5 {[%emt 0:00:01]} Ng4 {[%emt 0:00:06]} 7. h3 {[%emt 0:00:01]} Nxe3 {[%emt 0:00:01]} 8. fxe3 {[%emt 0:00:02]} b4 {[%emt 0:00:02]} 9. Bc4 {[%emt 0:00:03]} d5 {[%emt 0:00:00]} 10. Nxd5 {[%emt 0:00:01]} cxd5 {[%emt 0:00:01]} 11. Bxd5 {[%emt 0:00:01]} e6 {[%emt 0:00:01]} 12. Bxa8 {[%emt 0:00:01]} Bh6 {[%emt 0:00:01]} 13. Ne2 {[%emt 0:00:05]} O-O {[%emt 0:00:00]} 14. Nf4 {[%emt 0:00:01]} Ba6 {[%emt 0:00:01]} 15. Be4 {[%emt 0:00:02]} Nd7 {[%emt 0:00:01]} 16. O-O-O {[%emt 0:00:01]} Qa5 {[%emt 0:00:01]} 17. Kb1 {[%emt 0:00:01]} Nb6 {[%emt 0:00:00]} 18. d5 {[%emt 0:00:04]} Nc4 {[%emt 0:00:08]} 19. Rd4 {[%emt 0:00:08]} Nxe5 {[%emt 0:00:01]} 20. Qf2 {[%emt 0:00:03]} Bg7 {[%emt 0:00:01]} 21. Rhd1 {[%emt 0:00:04]} Nc4 {[%emt 0:00:01]} 22. Rxc4 {[%emt 0:00:01]} Bxc4 {[%emt 0:00:00]} 23. b3 {[%emt 0:00:01]} Qa3 {[%emt 0:00:01]} 24. Rd4 {[%emt 0:00:01]} Bxd4 {[%emt 0:00:02]} 25. exd4 {[%emt 0:00:00]} Bxd5 {[%emt 0:00:00]} 26. Nxd5 {[%emt 0:00:02]} exd5 {[%emt 0:00:00]} 27. Bxd5 {[%emt 0:00:00]} Qa5 {[%emt 0:00:01]} 28. Bc4 {[%emt 0:00:00]} Qf5 {[%emt 0:00:02]} 29. Qxf5 {[%emt 0:00:02]} gxf5 {[%emt 0:00:00]} 30. c3 {[%emt 0:00:00]} bxc3 {[%emt 0:00:01]} 31. Kc2 {[%emt 0:00:01]} Re8 {[%emt 0:00:00]} 32. Kxc3 {[%emt 0:00:00]} Re3+ {[%emt 0:00:02]} 33. Kb4 {[%emt 0:00:01]} Rg3 {[%emt 0:00:00]} 34. Kc5 {[%emt 0:00:00]} Rxg2 {[%emt 0:00:01]} 35. d5 {[%emt 0:00:00]} Kf8 {[%emt 0:00:02]} 36. d6 {[%emt 0:00:00]} Ke8 {[%emt 0:00:01]} 37. Kc6 {[%emt 0:00:02]} Kd8 {[%emt 0:00:02]} 38. Bxf7 {[%emt 0:00:01]} f4 {[%emt 0:00:01]} 39. Be6 {[%emt 0:00:00]} Rc2+ {[%emt 0:00:01]} 40. Kd5 {[%emt 0:00:01]} f3 {[%emt 0:00:00]} 41. Ke5 {[%emt 0:00:00]} f2 {[%emt 0:00:01]} 42. Kf6 {[%emt 0:00:00]} f1=Q+ {[%emt 0:00:01]} 43. Kg7 {[%emt 0:00:00]} Rc6 {[%emt 0:00:02]} 44. Kh8 {[%emt 0:00:00]} Rxd6 {[%emt 0:00:01] Lamborghini gibt auf Lamborghini gibt auf Lamborghini gibt auf (Lag: Av=0.39s, max=0.7s) (Lag: Av=0.39s, max=0.7s) (Lag: Av=0.39s, max=0.7s)} 0-1

[Event "Stay Safe Play From Home 380"]
[Site "Emanuel Lasker Arena"]
[Date "2020.08.13"]
[Round "4"]
[White "Lazieri3"]
[Black "TheCHESSHOUSE"]
[Result "1-0"]
[WhiteElo "2131"]
[BlackElo "2038"]
[PlyCount "35"]
[EventDate "2020.08.13"]
[EventType "swiss (blitz)"]

1. e4 {[%emt 0:00:01]} d6 {[%emt 0:00:01]} 2. Nc3 {[%emt 0:00:00]} Nf6 {[%emt 0:00:01]} 3. Nf3 {[%emt 0:00:02]} g6 {[%emt 0:00:01]} 4. d4 {[%emt 0:00:00]} Bg7 {[%emt 0:00:01]} 5. Be3 {[%emt 0:00:01]} O-O {[%emt 0:00:00]} 6. Qd2 {[%emt 0:00:00]} a6 {[%emt 0:00:00]} 7. Bh6 {[%emt 0:00:00]} b5 {[%emt 0:00:01]} 8. h4 {[%emt 0:00:01]} Bg4 {[%emt 0:00:02]} 9. Bxg7 {[%emt 0:00:02]} Kxg7 {[%emt 0:00:01]} 10. e5 {[%emt 0:00:01]} dxe5 {[%emt 0:00:01]} 11. Nxe5 {[%emt 0:00:01]} h5 {[%emt 0:00:03]} 12. f3 {[%emt 0:00:01]} Be6 {[%emt 0:00:01]} 13. g4 {[%emt 0:00:01]} hxg4 {[%emt 0:00:05]} 14. fxg4 {[%emt 0:00:01]} Bxg4 {[%emt 0:00:04]} 15. h5 {[%emt 0:00:05]} Bxh5 {[%emt 0:00:01]} 16. Be2 {[%emt 0:00:02]} Bxe2 {[%emt 0:00:02]} 17. Qh6+ {[%emt 0:00:01]} Kg8 {[%emt 0:00:05]} 18. Qh8# {[%emt 0:00:00] (Lag: Av=0.76s, max=1.3s) (Lag: Av=0.76s, max=1.3s) (Lag: Av=0.76s, max=1.3s)} 1-0